| 000 | 00473nam a2200157Ia 4500 | ||
|---|---|---|---|
| 999 |
_c7042 _d7042 |
||
| 003 | OSt | ||
| 005 | 20200121134522.0 | ||
| 008 | 190216s9999||||xx |||||||||||||| ||und|| | ||
| 040 | _coclc | ||
| 082 |
_a658.4012 _bVAR/B |
||
| 100 |
_aVarma, M M _9585 |
||
| 245 | 0 |
_aBusiness Policy And Strategic Management / _cM M Varma ; R K Agarwal |
|
| 260 |
_bKing`S Books, _a Delhi: _c2002. |
||
| 300 | _a303p | ||
| 942 |
_cBK _2ddc _h658.4012 _iVAR/B _k658.4012 _mVAR/B |
||